Thermisches Spritzen : Ein Leitfaden für den Praktiker /

Na minha lista:
Detalhes bibliográficos
Autor principal: Smolka, K (Author)
Formato: Livro
Idioma:alemão
Publicado em: Düsseldorf : DVS, 1985
Assuntos:
Tags: Adicionar Tag
Sem tags, seja o primeiro a adicionar uma tag!

MARC

LEADER 00000nam a22000003a 4500
001 stu44583
005 20150617225718.5
008 950505s1985----gw------------------ger-d
020 |a 3-87155-521-5 
040 |a STU  |b slo 
041 0 |a ger 
044 |a gw 
080 |a 621.767  |7 stu_us_auth*stu3397 
100 1 |a Smolka, K  |4 aut 
245 1 |a Thermisches Spritzen :  |b Ein Leitfaden für den Praktiker /  |c [aut.]K. Smolka 
260 |a Düsseldorf :  |b DVS,  |c 1985 
300 |a 105 s 
650 7 |a Striekanie termické  |2 stusub 
996 |b 284M025733  |c M*9129-1  |l MMKN  |s A  |a 24  |w stu44583_0001